| 000 | 01068nam0a2200325 4500 | ||
|---|---|---|---|
| 001 | RU\NLR\bibl\167630 | ||
| 005 | 20260405233603.0 | ||
| 010 |
_a5-293-00031-4 _93000 |
||
| 021 |
_aRU _b2001-11462 _9535 |
||
| 035 | _a(NLR Aleph) 000164442 | ||
| 090 |
_a946431 _c946431 |
||
| 100 | _a20010521d2000 |||y0rusy50 ca | ||
| 101 | 1 |
_arus _cswe |
|
| 102 | _aRU | ||
| 105 | _ay ||||||||| | ||
| 200 | 1 |
_aКарлик _eРоман _aПалач _aМариамна _eПовести _eПер. с швед. _fПер Лагерквист |
|
| 210 |
_aМ. _cXXI в.-согласие _d2000 |
||
| 215 |
_a381,[2] с. _d17 |
||
| 225 | 1 | _aМетафора | |
| 675 |
_a821.113.6-31Лагерквист _v3 _zrus |
||
| 686 |
_a84(4Шве)-44 _2rubbk |
||
| 686 | _aШ6(4Шв)67-440 | ||
| 700 | 1 |
_4070 _8rus _7ca _aЛагерквист _bП. Ф. _f1891-1974 _gПер Фабиан _3RU\NLR\auth\77107278 _990203 |
|
| 801 | 0 |
_aRU _bRKP _c20010521 _gPSBO |
|
| 801 | 1 |
_aRU _bRKP _c20010521 |
|
| 801 | 2 |
_aRU _bNLR _c20120113 _grcr |
|
| 942 | _cBOOK | ||
| 980 | _aNB | ||